Women's jobs, advance and growth (Record no. 36687)
[ view plain ]
| 000 -LEADER | |
|---|---|
| fixed length control field | 00989cam a22002651 4500 |
| 001 - CONTROL NUMBER | |
| control field | l 50000059 |
| 003 - CONTROL NUMBER IDENTIFIER | |
| control field | DLC |
| 005 - DATE AND TIME OF LATEST TRANSACTION | |
| control field | 20260227111541.0 |
| 008 - FIXED-LENGTH DATA ELEMENTS--GENERAL INFORMATION | |
| fixed length control field | 790803s1949 dcu f000 0 eng c |
| 010 ## - LIBRARY OF CONGRESS CONTROL NUMBER | |
| LC control number | l 50000059 |
| 035 ## - SYSTEM CONTROL NUMBER | |
| System control number | (OCoLC)5236263 |
| 040 ## - CATALOGING SOURCE | |
| Original cataloging agency | U. S. Dept. of Labor. Library |
| Transcribing agency | WU |
| Modifying agency | WU |
| -- | OCoLC |
| -- | DLC |
| 043 ## - GEOGRAPHIC AREA CODE | |
| Geographic area code | n-us--- |
| 050 00 - LIBRARY OF CONGRESS CALL NUMBER | |
| Classification number | HD6093 |
| Item number | .A35 no. 232 |
| 082 00 - DEWEY DECIMAL CLASSIFICATION NUMBER | |
| Classification number | 331.4 s |
| -- | 331.4/0973 |
| Edition number | 21 |
| 100 1# - MAIN ENTRY--PERSONAL NAME | |
| Personal name | Beyer, Sylva S. |
| Fuller form of name | (Sylva Sternoff) |
| 245 10 - TITLE STATEMENT | |
| Title | Women's jobs, advance and growth |
| Statement of responsibility, etc. | [by Sylva S. Beyer. |
| 260 ## - PUBLICATION, DISTRIBUTION, ETC. | |
| Place of publication, distribution, etc. | Washington, |
| Name of publisher, distributor, etc. | U.S. Govt. Print. Off., |
| Date of publication, distribution, etc. | 1949] |
| 300 ## - PHYSICAL DESCRIPTION | |
| Extent | iv, 88 p. |
| Dimensions | 24 cm. |
| 410 10 - SERIES STATEMENT/ADDED ENTRY--CORPORATE NAME [OBSOLETE, CAN/MARC], [LOCAL, USA] | |
| Corporate name or jurisdiction name as entry element | U.S. Women's Bureau. |
| Title of a work | Bulletin |
| Volume number/sequential designation | no. 232 |
| 500 ## - GENERAL NOTE | |
| General note | Popularized version of ed. issued in 1947 under title: Women's occupations through seven decades, by Janet M. Hooks. |
| 650 #0 - SUBJECT ADDED ENTRY--TOPICAL TERM | |
| Topical term or geographic name entry element | Women |
| General subdivision | Employment |
| Geographic subdivision | United States. |
| 650 #0 - SUBJECT ADDED ENTRY--TOPICAL TERM | |
| Topical term or geographic name entry element | Occupations |
| Geographic subdivision | United States. |
| 700 1# - ADDED ENTRY--PERSONAL NAME | |
| Personal name | Hooks, Janet Montgomery. |
| Title of a work | Women's occupations through seven decades. |
No items available.